01050nam a2200277 i 4500001001400000003000400014005001700018008004100035015001400076020002900090040003400119082001500153100003400168240004000202245006000242246004600302264006300348264001100411300004700422336002100469337002500490338002300515650005700538700003100595765014600626vtls000805161PNM20200715112317.0160520t20172011my a j 000 1 may  aM17-06380 a9789674603250qpaperback aBNMbengcBNMdPNMdPPAKerda04a895.132231 aPeng, Xuejun,d1963-eauthor. aYou are my little sister.lChinese.10aKAULAH ADIKKU /cPENG XUEJUN ; Penterjemah Hylda Yaacob33iTranslation of:aYou are my little sister 1aKuala Lumpur :bInstitut Terjemahan & Buku Malaysia,c2017 4c©2011 aviii, 146 :bcolour illustrations ;c21 cm atext2rdacontent aunmediated2rdamedia avolume2rdacarrier10aChildren's stories, ChinesevTranslations into Malay1 aHylda Yaacob,etranslator. aTranslation of :aPeng, Xuejun,dNanchang, Jiangxi, People Republic of China : 21st Century publishing House, 2011.tYou are my little sister